| 000 | 01121nam0a22002891 4500 | ||
|---|---|---|---|
| 001 | rc\2371048 | ||
| 005 | 20250623083648.0 | ||
| 035 | _a(NLR Aleph) 006687117 | ||
| 090 |
_a5122809 _c5122809 |
||
| 100 | _a20110829d1976 |||y0rusy50 ca | ||
| 101 | 0 | _arus | |
| 102 | _aRU | ||
| 105 | _aa z ||||| | ||
| 200 | 1 |
_aВетеринарная наука - производству _e(Межвуз. сборник) _f[Ред. совет: чл.-кор. АН МССР, проф. Г.Я. Рудь (гл. ред.) и др.] |
|
| 210 |
_aКишинев _cКСХИ _d1976 |
||
| 215 |
_a99 с. _cил. _d25 |
||
| 225 | 1 |
_aКишиневский сельскохозяйственный институт им. М.В. Фрунзе. Труды _vТ. 156 |
|
| 320 | _aСписки лит. в конце статей | ||
| 606 |
_aВетеринария _jСборники _2rkp |
||
| 702 | 1 |
_aРудь _bГ.Я. _gГерасим Яковлевич _4340 |
|
| 801 | 0 |
_aRU _bNLR _gpsbo |
|
| 801 | 1 |
_aRU _bELAR _2rusmarc |
|
| 852 |
_aNLR _jП13/442 |
||
| 899 |
_aRuMoRGB _jXXIV 131/99 |
||
| 899 |
_aRuMoRGB _jXXIV 131/100 |
||
| 942 | _cBOOK | ||
| 980 | _aNB | ||